[Event "tht Extraliga 16/17,Novy Bor-BSS Frydek Mistek"]
[Site "Frydek-Mistek"]
[Date "2017.01.29"]
[Round "6.4"]
[White "Zwardon, Vojtech"]
[Black "Laznicka, Viktor"]
[WhiteElo "2403"]
[BlackElo "2662"]
[Result "0-1"]

1. c4  c6  2. Nc3  d5
3. d4  Nf6  4. cxd5
cxd5  5. Bf4  Nc6
6. e3  a6  7. Rc1
Bf5  8. Nf3  Rc8
9. Ne5  e6  10. Qb3
Nxe5  11. Bxe5  Qd7
12. Be2  Ne4  13. f3
Nd6  14. O-O  Nc4
15. Bxc4  dxc4  16. Qd1
Bd3 17. Re1 f6  18. Bg3  b5
19. a3  Be7  20. Qd2
O-O  21. Na2  Qa7
22. Nb4  Bg6  23. e4
a5  24. Nc2  Rfd8
25. Bf2  Bf8  26. Red1
Qa6 27. Be1  Ra8  28. Qe2
f5  29. Bh4  Rdc8
30. d5  fxe4  31. fxe4
exd5  32. Rxd5  b4
33. axb4  axb4  34. Nd4
c3  35. bxc3  Qxe2
36. Nxe2  b3  37. Ng3
b2  38. Rb1  Ra1
39. Rdd1  Rxb1  40. Rxb1
Ba3  0-1

[Event "tht Extraliga 16/17,Novy Bor-BSS Frydek Mistek"]
[Site "Frydek-Mistek"]
[Date "2017.01.29"]
[Round "6.5"]
[White "Bartel, Mateusz"]
[Black "Rausis, Igors"]
[WhiteElo "2629"]
[BlackElo "2611"]
[Result "1/2-1/2"]

1. e4  e5  2. Bc4  Nf6
3. d3  c6  4. Nf3
d5  5. Bb3  Bb4+
6. Bd2  Bxd2+  7. Qxd2
O-O  8. Nxe5  Qe7
9. f4  dxe4  10. Nc3
exd3  11. O-O-O  dxc2
12. Rde1  Qc7  13. g4
Be6  14. g5  Nfd7
15. g6  Nxe5  16. gxh7+
Kh8  17. fxe5  Bxb3
18. Rhg1  g6  19. axb3
Nd7  20. Qg5  1/2-1/2

[Event "tht Extraliga 16/17,Novy Bor-BSS Frydek Mistek"]
[Site "Frydek-Mistek"]
[Date "2017.01.29"]
[Round "6.6"]
[White "Szotkowski, Jakub"]
[Black "Hracek, Zbynek"]
[WhiteElo "2391"]
[BlackElo "2606"]
[Result "0-1"]

1. d4  Nf6  2. c4  e6
3. g3  d5  4. Bg2
Bb4+  5. Bd2  Be7
6. Qc2  c6  7. Nf3
Nbd7  8. O-O  b6
9. Bf4  Ba6  10. Ne5
Nxe5  11. dxe5  Nd7
12. Nd2  O-O  13. h4
h6  14. h5  Rc8
15. b3  b5  16. Rfd1  bxc4
17. bxc4  Nb6  18. c5
Nd7  19. Nb3  Bc4
20. e4  Bxb3  21. axb3
Bxc5  22. Qe2  Qe7
23. Ra4  d4  24. g4
Bb6  25. Qf3  f6
26. Qg3  Nxe5 27. Bxe5 fxe5  28.
Rd3  Qg5  29. Rc4  c5
30. f3  Ba5  31. Ra4
Bd2  32. Rxa7  Ra8
33. Rxa8  Rxa8  34. Bf1
Be3+  35. Kh1  Ra1
36. Qh3  Kh7  37. Kg2
Qf4  38. Kh1  Bf2
39. Qg2  Be3 40. Qh3  Rb1
41. Qg2  Qg5  42. Qh3
Bf2  43. Kg2  Rb2 44. Rd1
Bg3+  45. Kh1  Qf4
0-1

[Event "tht Extraliga 16/17,Novy Bor-BSS Frydek Mistek"]
[Site "Frydek-Mistek"]
[Date "2017.01.29"]
[Round "6.7"]
[White "Babula, Vlastimil"]
[Black "Jasny, Stanislav"]
[WhiteElo "2550"]
[BlackElo "2358"]
[Result "1-0"]

1. d4  d5  2. c4  e6
3. Nc3  Nf6  4. Nf3
Be7  5. Bf4  O-O
6. e3  Nbd7  7. Be2
c5  8. dxc5 Nxc5  9. O-O
dxc4  10. Bxc4  a6
11. a4  Qa5  12. Qc2
Bd7  13. Ne5  Rfc8
14. b4  Qxb4  15. a5
Nb3  16. Rab1  Rxc4
17. Rxb3  Qc5  18. Nxc4
Qxc4  19. Rxb7  Rc8
20. Rb8  Rxb8  21. Bxb8
Bb4  22. Rc1  Bxa5
23. Qb2  h6  24. h3
Ne4  25. Nxe4  Qxe4
26. Qa2  Bb4  27. Qxa6
Bd2  28. Qc4  Qb7
29. Rd1  Ba5  30. Be5
Bc6  31. Qg4  f5
32. Qg6  Bd5  33. Ra1 Bb4 34.
Rb1  Kf8  35. Qxg7+  1-0

[Event "tht Extraliga 16/17,Novy Bor-BSS Frydek Mistek"]
[Site "Frydek-Mistek"]
[Date "2017.01.29"]
[Round "6.8"]
[White "Rabatin, Jakub"]
[Black "Kriebel, Tadeas"]
[WhiteElo "2248"]
[BlackElo "2465"]
[Result "1-0"]

1. e4  e5  2. Nf3  Nc6
3. Bb5  a6  4. Ba4
Nf6  5. O-O  Be7
6. Re1  b5  7. Bb3
d6  8. c3  O-O
9. h3  Na5  10. Bc2  c5
11. d4 exd4  12. cxd4  Re8
13. Nbd2  cxd4  14. Nxd4
Bb7  15. b3  Bf8
16. Nf5  g6  17. Ng3
Bg7  18. Rb1  Nc6
19. Bb2  Rc8  20. a3
Ne5  21. Rc1  Qb6
22. Bb1  Rxc1  23. Qxc1
Nfd7  24. Qd1  Nd3
25. Bxd3  Bxb2  26. a4
Ne5  27. Nf3  Rc8
28. Nxe5  dxe5  29. Ne2
bxa4  30. bxa4  Qb4
31. Qb1  a5  32. Rf1
Qa3  33. Bb5  Qb3
34. Kh2  Rc2  35. f3
Rd2  36. Rc1  Qe3
37. Rc2  Ba3  38. Rc3
Qb6  39. Rxa3  Rxe2
40. Rb3  Re3  41. Qg1
1-0

[Event "tht Extraliga 16/17,Unichess-Tatran Litovel"]
[Site "Litovel"]
[Date "2017.01.29"]
[Round "6.1"]
[White "Michalik, Peter"]
[Black "Sadzikowski, Daniel"]
[WhiteElo "2571"]
[BlackElo "2537"]
[Result "1-0"]

1. d4  Nf6  2. c4  e6
3. Nf3  b6  4. g3
Ba6  5. b3  Bb4+
6. Bd2  Be7  7. Bg2
d5  8. cxd5  exd5
9. O-O  O-O  10. Nc3
Re8  11. Bg5  Nbd7
12. Ne5  Bb7  13. Rc1
Ba3  14. Rc2  Nxe5
15. dxe5  Rxe5  16. Bf4
Re7  17. Nb5  Bc5
18. Nxc7  Rc8  19. Nb5
Qd7  20. a4  a6
21. Nd4  Ree8  22. Rc1  Ne4
23. Qd3  a5  24. h4
Ra8  25. Nb5  Ba6
26. e3  Rad8  27. Rfd1
h6  28. h5  Nf6
29. Bf3  Qe7  30. Qf5  Bxb5
31. axb5  Qe6  32. Qxe6
fxe6  33. Be5  Ne4
34. Bxe4  dxe4  35. Rxd8
Rxd8  36. Rxc5  bxc5
37. b6  c4  38. bxc4 Rd1+
39. Kg2  Rb1  40. c5
Kf7  41. Bc7  1-0

[Event "tht Extraliga 16/17,Unichess-Tatran Litovel"]
[Site "Litovel"]
[Date "2017.01.29"]
[Round "6.2"]
[White "Kanarek, Marcel"]
[Black "Cernousek, Lukas"]
[WhiteElo "2522"]
[BlackElo "2461"]
[Result "1-0"]

1. e4  c6  2. d4  d5
3. Nc3  dxe4  4. Nxe4
Bf5  5. Ng3  Bg6
6. h4  h6  7. Nf3
Nd7  8. h5  Bh7
9. Bd3  Bxd3  10. Qxd3  e6
11. Bd2  Ngf6  12. O-O-O
Be7  13. Ne4  Nxe4
14. Qxe4  Nf6  15. Qd3
Qd5  16. Kb1  O-O
17. Ne5  c5  18. Rhe1
cxd4  19. g4  Nd7
20. Nxd7  Qxd7  21. f4
Rac8  22. g5  hxg5
23. h6  g4  24. hxg7
Rfd8  25. Rh1  f5
26. Rdg1  Qc6  27. Rh6
Qe4  28. Qxe4  fxe4
29. Rxe6  e3  30. Rxe7
exd2  31. Rh1  d1=Q+
32. Rxd1  Re8  33. Rxb7
Rc6  34. f5  Re4
35. a3  Rh6  36. Rf1
Rf6  37. Rh1  Rf7
38. f6  1-0

[Event "tht Extraliga 16/17,Unichess-Tatran Litovel"]
[Site "Litovel"]
[Date "2017.01.29"]
[Round "6.3"]
[White "Bernasek, Jan"]
[Black "Zpevak, Pavel"]
[WhiteElo "2509"]
[BlackElo "2348"]
[Result "1/2-1/2"]

1. d4  Nf6  2. c4  e6
3. Nc3  Bb4  4. Qc2
d5  5. cxd5  Qxd5
6. e3  O-O  7. Nf3
c5  8. Bd2  Bxc3
9. Bxc3  Nc6  10. Rd1
cxd4  11. Nxd4  e5
12. Nb3  Qe4  13. Qxe4
Nxe4  14. Bc4  Bf5
15. Ke2  Nxc3+  16. bxc3
Rac8  17. Bd5  Rc7
18. e4  Bc8  19. Ke3
b6  20. c4  Nb4
21. a3  Nxd5+  22. cxd5  Ba6
23. Rc1  Rfc8  24. Rxc7
Rxc7  25. Rc1  Rxc1
26. Nxc1  f6  27. f4
exf4+  28. Kxf4  Bc4
29. Ke3  Kf7  30. Kd4
Bf1  31. g3  Ke7
32. Nb3  Kd6  33. Na1
Bb5  34. Nc2  Bd7
35. Ne3  b5  36. Ng2
a5  37. Ne3  g6
38. Nc2  Bg4  39. Ne3  Bd7
40. h4  h6  41. Nc2
Bg4  42. Ne3  Bd7
43. Nd1  g5  44. Ne3
Bc8  45. Nd1  Bd7
46. Nb2  Bg4  47. Nd3
Be2  48. Nc5  b4
49. axb4  axb4  50. Nb7+
Kc7  51. Na5  gxh4
52. gxh4  Kd6  53. Nb3
Bd1  54. Nd2  Be2
55. Ke3  Bb5  56. Kd4
Be2  57. Nb3  Bd1
58. Na5  Be2  59. Ke3
Bb5  60. Nb3  Ba4
61. Nd2  Kc5  62. Kd3
Bb5+  63. Ke3  Ba4
64. Kd3  Bb5+  65. Ke3
Ba4  66. Kd3 Bd1 67. Nc4 1/2-1/2

[Event "tht Extraliga 16/17,Unichess-Tatran Litovel"]
[Site "Litovel"]
[Date "2017.01.29"]
[Round "6.4"]
[White "Rosko, Lubos"]
[Black "Jurcik, Marian"]
[WhiteElo "2335"]
[BlackElo "2484"]
[Result "0-1"]

1. e4  c5  2. Nf3  Nc6
3. d4  cxd4  4. Nxd4
e6  5. Nc3  d6
6. Be3  Nf6  7. Bc4  Be7
8. Qe2  a6  9. O-O-O
Qc7  10. Bb3  b5
11. Kb1  Na5  12. f3
O-O  13. g4  b4
14. Na4  Nd7  15. Qd2  Nc5
16. Qxb4  Rb8  17. Qc3
Bd7  18. e5  Bxa4
19. Bxa4  Rxb2+  20. Ka1
Rb7  21. Bd2  dxe5
22. Nb3  Nxa4  23. Qxa5
Qc4  24. Rhe1  Bd8
0-1

[Event "tht Extraliga 16/17,Unichess-Tatran Litovel"]
[Site "Litovel"]
[Date "2017.01.29"]
[Round "6.5"]
[White "Vavra, Pavel"]
[Black "Studnicka, Tomas"]
[WhiteElo "2397"]
[BlackElo "2318"]
[Result "1/2-1/2"]

1. d4  Nf6  2. Bg5  e6
3. e4  h6  4. Bxf6
Qxf6  5. c3  d6
6. Bd3  e5  7. Ne2  g6
8. O-O  Bg7  9. f4
Qe7  10. f5  O-O
11. Qb3  Kh7  12. Na3
Nd7  13. Nc4  Nf6
14. Ne3  c6  15. Rae1
b6  16. Qa3  Qc7
17. Rf3  Bb7  18. Nc4
c5  19. d5  b5
20. Qa5  Qxa5  21. Nxa5  Bc8
22. Ng3  Rb8  23. b4
c4  24. Bc2  Bd7
25. Ref1  g5  26. Re3
h5  27. Nxh5  Nxh5
28. Rh3  Bf6  29. Rxh5+
Kg7  30. a4  a6
31. Rh3  Bd8  32. axb5  axb5
33. Rg3  Kf6  34. Ra1
Ra8  35. Rg4  Rh8
36. g3  Bb6+  37. Kg2
Be3  38. Rd1  Bb6
39. h4  gxh4  40. Rxh4
Rxh4  41. gxh4  Bxa5
42. bxa5  Rxa5  43. Rc1
Ra3  44. Bd1  Kg7
45. Kf2  Kh6  46. Be2
Be8  47. f6  Kg6
48. h5+  Kxf6  49. h6
Bd7  50. Bh5  Ra8
51. Ke3  Kg5  52. Bxf7
Kxh6  53. Rg1  Rf8
54. Be6  Be8  55. Bf5
Bh5  56. Rb1  Be8
57. Rg1  Bh5  58. Rb1
Ra8  59. Rh1  Kg5
60. Rg1+  Kf6  61. Rh1
Rh8  62. Bd7  Kg5
63. Bxb5  Rf8  64. Rg1+
Bg4  65. Bxc4  Rf3+
66. Kd2  Rf2+  67. Ke3
Rf3+  68. Kd2  Rf2+
1/2-1/2

[Event "tht Extraliga 16/17,Unichess-Tatran Litovel"]
[Site "Litovel"]
[Date "2017.01.29"]
[Round "6.6"]
[White "Straka, Vojtech"]
[Black "Simek, Petr"]
[WhiteElo "2352"]
[BlackElo "2395"]
[Result "1/2-1/2"]

1. c4  e5  2. g3  Nf6 3. Bg2
d5  4. cxd5  Nxd5
5. Nc3  Nb6  6. Nf3
Nc6 7. O-O  Be7  8. d3
O-O  9. Be3  Re8
10. a3  Bf8  11. Na4
Nd4  12. Nxb6  axb6
13. Re1  Be6  14. Bxd4
exd4  15. Rc1  c6
16. Qd2  Qf6  17. Qg5
Qxg5  18. Nxg5  Bb3
19. Nf3  Ra4  20. e3
dxe3  21. fxe3  Be6
22. Kf2  b5  23. Ng5
Bd7  24. Ne4  b4
25. axb4  Rxb4  26. Re2
Ra8  27. Nc3  h5
28. d4  Be7  29. Rd1
h4  30. e4  hxg3+
31. hxg3  Bd8  32. Bf3
Bb6  33. Red2  Be6
34. Ne2  Raa4  35. Ke3
Rb3+  36. Kf2  Rbb4
37. Ke3  Ra2  38. Rb1
f5  39. Nc3  Ra8
40. e5  Kf7  41. Ne2
Rb3+  42. Nc3  Ra5
43. Ke2  Bd8  44. Kf2
Bg5  45. Rdd1  Be7
46. Rd2  Bg5  47. Rdd1
Be7  48. Rd2  Bb4
49. Rc1  Be7  1/2-1/2

[Event "tht Extraliga 16/17,Unichess-Tatran Litovel"]
[Site "Litovel"]
[Date "2017.01.29"]
[Round "6.7"]
[White "Kovar, Vojtech"]
[Black "Hollan, Petr"]
[WhiteElo "2349"]
[BlackElo "2314"]
[Result "1/2-1/2"]

1. d4  Nf6  2. Bf4  g6
3. Nd2  Bg7  4. e4
d6  5. Ngf3  O-O
6. Bd3  Nbd7  7. O-O
h6  8. c3  e5
9. Bg3  Nh5  10. Nc4  Nxg3
11. hxg3  Qe7  12. Re1
Nb6  13. dxe5  dxe5
14. a4  1/2-1/2

[Event "tht Extraliga 16/17,Unichess-Tatran Litovel"]
[Site "Litovel"]
[Date "2017.01.29"]
[Round "6.8"]
[White "Belunek, Vladimir"]
[Black "Jurcik, Martin"]
[WhiteElo "2227"]
[BlackElo "2324"]
[Result "1/2-1/2"]

1. d4  Nf6  2. c4  e6
3. Nf3  b6  4. g3
Bb7  5. Bg2  Be7
6. O-O  O-O  7. Nc3
Ne4  8. Qd3  Nxc3
9. Qxc3  c5  10. Rd1
d6  11. b3  Bf6
12. Bb2  Nc6  13. Qd2  Qe7
14. e4  e5  15. d5
Nd4  16. Nxd4  exd4
17. Re1  Rae8  18. a4
a5  19. Bh3  g6
20. Re2  Qc7  21. Rae1  Bg7
22. Bc1  Bc8  23. Bxc8
Qxc8  24. Qd3  Re7
25. Bf4  Qd7  26. Kg2
h6  27. h3  Rfe8
28. h4  Kh8  29. f3
h5  30. Bg5  f6
31. Bd2  Kh7  32. Bf4  Bh6
33. Qd2  Bxf4  34. Qxf4
Kg7  35. Qd2  f5
36. exf5  Rxe2+  37. Rxe2
Rxe2+  38. Qxe2  Qxf5
39. Qe7+  Kh6  40. Qxd6
Qc2+  41. Kh3  Qf5+
42. Kg2  Qc2+  43. Kh3
Qf5+  44. Kg2 1/2-1/2

[Event "tht Extraliga 16/17,Unichess-SK Slavoj Poruba"]
[Site "Praha"]
[Date "2017.02.25"]
[Round "7.1"]
[White "Michalik, Peter"]
[Black "Mista, Alexander"]
[WhiteElo "2582"]
[BlackElo "2611"]
[Result "0-1"]

1. d4  Nf6  2. c4  e6
3. Nf3  d5  4. Nc3
c6  5. e3  Nbd7
6. Qc2  Bd6  7. b3  O-O
8. Be2  b6  9. O-O
Bb7  10. Bb2  Qe7
11. h3  Rad8  12. Rfd1
Rfe8  13. Rac1  Bb8
14. e4  e5  15. dxe5
Nxe5  16. cxd5  cxd5
17. Nxd5  Nxd5  18. exd5
Rxd5  19. Rxd5  Nxf3+
20. gxf3  Bxd5  21. Qd2
Qd6  22. f4  Qg6+
23. Bg4  Be6  24. Kh2
Qg5  25. Kg3  h5
0-1

[Event "tht Extraliga 16/17,Unichess-SK Slavoj Poruba"]
[Site "Praha"]
[Date "2017.02.25"]
[Round "7.2"]
[White "Bobras, Piotr"]
[Black "Petrik, Tomas"]
[WhiteElo "2521"]
[BlackElo "2467"]
[Result "1/2-1/2"]

1. e4  e6  2. d4  d5
3. Nc3  Bb4  4. e5
Ne7  5. a3  Bxc3+
6. bxc3  c5  7. Qg4
Qc7  8. Qxg7  Rg8
9. Qxh7  cxd4  10. Ne2
Nbc6  11. f4  dxc3
12. Qd3  d4  13. Nxd4
Nxd4  14. Qxd4  Bd7
15. Rg1  Nf5  16. Qf2
Qc6  17. Bd3  Qd5
18. Be3  Nxe3  19. Qxe3
Rxg2  20. Rxg2  Qxg2
21. Be4  Qxh2  22. O-O-O
Bc6  23. Kb1  Bxe4
24. Qxe4  Qf2  25. Qa4+
Kf8  26. Qb4+  Kg7
27. Qxc3  Rd8  28. Rxd8
1/2-1/2

[Event "tht Extraliga 16/17,Unichess-SK Slavoj Poruba"]
[Site "Praha"]
[Date "2017.02.25"]
[Round "7.3"]
[White "Cernousek, Lukas"]
[Black "Cvek, Robert"]
[WhiteElo "2459"]
[BlackElo "2514"]
[Result "1/2-1/2"]

1. d4  e6  2. c4  Bb4+
3. Nd2  Nf6  4. a3
Be7  5. e4  d6
6. Ngf3  a5  7. b3  e5
8. dxe5  dxe5  9. Bb2
Nc6  10. Nxe5  Nxe5
11. Bxe5  O-O  12. Be2
Bc5  13. O-O  Qe7
14. Bb2  Rd8  15. Qc2
Ng4  16. Nf3  Ra6
17. h3  Nxf2  18. Rxf2
Rg6  19. Kf1  Bxf2
20. Kxf2  Qc5+  21. Kf1
Bxh3  22. gxh3  Qh5
23. Kf2  Qc5+  24. Kf1
Qh5  25. Kf2  Qc5+
1/2-1/2

[Event "tht Extraliga 16/17,Unichess-SK Slavoj Poruba"]
[Site "Praha"]
[Date "2017.02.25"]
[Round "7.4"]
[White "Murdzia, Piotr"]
[Black "Bernasek, Jan"]
[WhiteElo "2430"]
[BlackElo "2509"]
[Result "1-0"]

1. e4  c5  2. Nf3  e6
3. d4  cxd4  4. Nxd4
Nc6  5. Nc3  a6
6. g3  Nge7  7. Nb3  b5
8. Bg2  d6  9. O-O
Bb7  10. Re1  Nc8
11. a4  b4  12. Nd5
g6  13. Nd4  N8a7
14. Be3  exd5  15. exd5
Ne7  16. Nc6  Bxc6
17. dxc6  Qc7  18. Qd4
Rg8  19. Qb6  Qxb6
20. Bxb6  Nac8  21. a5
Bh6  22. Rad1  Kf8
23. c7  Ra7  24. Bxa7
Nxa7  25. Rxd6  Nac8
26. Rd8+  Kg7  27. Bb7
b3  28. cxb3  Rf8
29. Bxc8  Nxc8  30. Ree8
Rxe8  31. Rxe8  Bd2
32. Rxc8  Bxa5  33. Rg8+
1-0

[Event "tht Extraliga 16/17,Unichess-SK Slavoj Poruba"]
[Site "Praha"]
[Date "2017.02.25"]
[Round "7.5"]
[White "Jurcik, Marian"]
[Black "Malinovsky, Karel"]
[WhiteElo "2490"]
[BlackElo "2460"]
[Result "1/2-1/2"]

1. e4  e5  2. Nf3  Nc6
3. Bc4  Nf6  4. d3
Be7  5. O-O  O-O
6. Re1  d6  7. a4
Be6  8. Nbd2  h6
9. a5  a6  10. c3
Qd7  11. Qb3  Rab8
12. h3  Rfe8  13. Nf1
Bxc4  14. dxc4  Qe6
15. Ng3  Nd7  16. Be3
Nc5  17. Qa2  Nd3
18. Red1  Nf4  19. b3
Kh7  20. Qd2  g5
21. Nf5  Rg8  22. Nh2
Bf8  23. Nf1  Ne7
24. Nxe7  Bxe7  25. Ng3
g4  26. Bxf4  exf4
27. Qxf4  gxh3  28. gxh3
Bf6  29. Rd3  Be5
30. Qf5+  Qxf5  31. exf5
b6  32. b4  b5
33. cxb5  Rxb5  34. Rf1  c5
35. f4  Bh8  36. Kg2
cxb4  37. cxb4  Rxb4
38. Rxd6  Rb2+  39. Rf2
Rb3  40. Rf3  Rb2+
41. Rf2  Rb3  42. Rf3
Rb2+  43. Kh1  Rb1+
44. Kh2  Rb2+  45. Kh1
Rb1+  46. Kh2  Rb2+
47. Kg1  Ra2  48. Rd7
Rf8  49. Rb3  Rxa5
50. Rbb7  Kg8  51. Kg2
Ra3  52. Ne4  Rc8
53. Rd2  Re3  54. Nd6
Rd8  55. Kh2  Bg7
56. f6  Re6  57. Rxf7
Rxf6  58. Rxf6  Bxf6
59. Rg2+  Kh7  60. Ne4
Bd4  61. Ra2  Rf8
62. Kg3  Be3  63. Rxa6
Bxf4+  64. Kg2  Bg5
65. Nxg5+  hxg5  66. Kg3
Rb8  67. Kg4  Rb3
68. Ra5  Kh6  69. Ra6+
Kh7  70. Ra7+  Kg6
71. Ra6+  1/2-1/2

[Event "tht Extraliga 16/17,Unichess-SK Slavoj Poruba"]
[Site "Praha"]
[Date "2017.02.25"]
[Round "7.6"]
[White "Adamek, Jiri"]
[Black "Jirka, Jiri"]
[WhiteElo "2353"]
[BlackElo "2420"]
[Result "1/2-1/2"]

1. Nf3  d5  2. d4  Nf6
3. c4  c6  4. Nc3
a6  5. cxd5  cxd5
6. Bf4  Nc6  7. e3
Bg4  8. h3  Bxf3
9. Qxf3  e6  10. Bd3
Be7  11. O-O  O-O
12. Rfc1  Rc8  13. Bg5
Nd7  14. Bxe7  Qxe7
15. Qd1  f5  16. Ne2
Nf6  17. Rc2  Rc7
18. Rac1  Rfc8  19. Qe1
Ne4  20. f3  Nd6
21. b3  a5  22. Qd2
Nb4  23. Rxc7  Rxc7
24. Rxc7  Qxc7  25. Nc3
Qe7  26. Bf1  Qh4
27. Bb5  Qd8  1/2-1/2

[Event "tht Extraliga 16/17,Unichess-SK Slavoj Poruba"]
[Site "Praha"]
[Date "2017.02.25"]
[Round "7.8"]
[White "Sosna, Jan"]
[Black "Simek, Petr"]
[WhiteElo "2353"]
[BlackElo "2394"]
[Result "0-1"]

1. d4 Nf6 2. Nf3 d5 3. c3 c5 4. e3 Nbd7 5. Nbd2 g6 6. Bb5 Qc7 7. O-O Bg7 8. Re1
O-O 9. e4 cxd4 10. Nxd4 dxe4 11. Nxe4 Nxe4 12. Rxe4 Nc5 13. Re1 Rd8 14. Qf3 a6
15. Bc4 e5 16. Nb3 Na4 17. Qe4 Nb6 18. Bf1 Be6 19. Qh4 Nc4 20. Bg5 Rd7 21. Bxc4
Qxc4 22. Re4 Qd5 23. Rae1 f5 24. R4e2 Qc4 25. Qg3 Qxe2 0-1

[Event "tht Extraliga 16/17,Novy Bor-Labortech Ostrava"]
[Site "Praha"]
[Date "2017.02.25"]
[Round "7.1"]
[White "Navara, David"]
[Black "Miton, Kamil"]
[WhiteElo "2730"]
[BlackElo "2610"]
[Result "1/2-1/2"]

1. c4  Nf6  2. Nf3  e6
3. d4  Bb4+  4. Nbd2
b6  5. a3  Bxd2+
6. Qxd2  Ba6  7. Qc2
d5  8. cxd5  Qxd5
9. g3  Nbd7  10. Bg2
Rc8  11. Bf4  c5
12. Qa4  Qc4  13. Qxc4
Bxc4  14. dxc5  Nxc5
15. Rc1  Nb3  16. Rc2
Ke7  17. Nd2  Nxd2
18. Rxd2  Nd5  19. Bxd5
Bxd5  20. O-O  Rhd8
21. Rfd1  Bb3  22. Rxd8
Rxd8  23. Rxd8  Kxd8
1/2-1/2

[Event "tht Extraliga 16/17,Novy Bor-Labortech Ostrava"]
[Site "Praha"]
[Date "2017.02.25"]
[Round "7.3"]
[White "Laznicka, Viktor"]
[Black "Jakubiec, Artur"]
[WhiteElo "2666"]
[BlackElo "2490"]
[Result "1/2-1/2"]

1. d4  Nf6  2. c4  d6
3. Nf3  g6  4. g3
Bg7  5. Bg2  O-O
6. O-O  Ne4  7. Qc2
f5  8. Rd1  Qe8
9. Nbd2  Nf6  10. d5  Na6
11. Nb3  c5  12. dxc6
bxc6  13. Na5  Rb8
14. a3  c5  15. Rb1
Bd7  16. Bd2  Ne4
17. Be1  Nc7  18. Nd2
Nf6  19. b4  Ne6
20. Ndb3  Rc8  21. e3
g5  22. Qe2  f4
23. bxc5  1/2-1/2

[Event "tht Extraliga 16/17,Novy Bor-Labortech Ostrava"]
[Site "Praha"]
[Date "2017.02.25"]
[Round "7.4"]
[White "Rasik, Vitezslav"]
[Black "Bartel, Mateusz"]
[WhiteElo "2466"]
[BlackElo "2634"]
[Result "1/2-1/2"]

1. e4  c6  2. d3  d5
3. Nd2  g6  4. g3
Bg7  5. Bg2  e5
6. Ngf3  Ne7  7. O-O  O-O
8. Re1  d4  9. Nc4
b5  10. Na3  a6
11. c3  c5  12. cxd4  cxd4
13. Nd2  Nbc6  14. f4
Be6  15. Nf3  h6
16. Bd2  Qd7  17. Qe2
b4  18. Nc4  Bxc4
19. dxc4  d3  20. Qf2
exf4  21. Bxf4  g5
22. Be3  Ng6  23. Rad1
Rad8  24. Kh1  Nge5
25. Nxe5  Nxe5  26. Bc5
d2  27. Re2  Nd3
28. Qe3  Nxc5  29. Rexd2
Qc7  30. Rxd8  Rxd8
31. Rxd8+  Qxd8  32. Qxc5
Qd1+  33. Qg1  Qc2
34. b3  Qxa2  35. Qd1
Qf2  36. Bh3  Bd4
37. Bd7  Kf8  38. Bc6
a5  39. Bd5  Ke7
40. e5  g4  41. Bg2
h5  42. Qf1  Qxf1+
43. Bxf1  Bc5  44. h3
a4  45. bxa4  b3
46. hxg4  hxg4  47. Bd3
Ke6  48. Kg2  Kxe5
49. Kf1  Kd4  50. Ke2
Bb4  51. Bf5  b2
52. c5  Bxc5  53. a5
Kc3  54. a6  Ba7
55. Bb1  Kd4  56. Bf5
Bb8  57. Bb1  Kc5
58. Bd3  Kb6  59. Kf2
Kc6  60. Be4+  Kb5
61. Bd3+  Kb6  62. Kg2
Be5  63. Kf2  Bd6
64. Kg2  Bc5  65. Kf1
Bb4  66. Ke2  Bd6
67. Kf2  Be5  68. Kg2
Bd4  69. Kf1  Kc6
70. Ke2  Kd5  71. Bb1
Ke5  72. Bc2  f5
73. Kf1  Ba7  1/2-1/2

[Event "tht Extraliga 16/17,Novy Bor-Labortech Ostrava"]
[Site "Praha"]
[Date "2017.02.25"]
[Round "7.5"]
[White "Hracek, Zbynek"]
[Black "Kociscak, Jiri"]
[WhiteElo "2610"]
[BlackElo "2480"]
[Result "1-0"]

1. d4  f5  2. g3  Nf6
3. Bg2  g6  4. Nf3
d6  5. O-O  Bg7
6. b3  O-O  7. Bb2  c6
8. c4  Qa5  9. Bc3
Qc7  10. Nbd2  Re8
11. Qc2  e5  12. dxe5
dxe5  13. e4  f4
14. c5  fxg3  15. fxg3
b5  16. b4  h6
17. Rad1  a5  18. a3  axb4
19. axb4  Kh7  20. Nb3
Ng4  21. Rfe1  Ra4
22. h3  Nf6  23. Rd6
Nh5  24. Kh2  Be6
25. Nc1  Bc4  26. Nd3
Ra2  27. Nb2  Qa7
28. Qd1  Qa3  29. Qc1
Be6  30. Re3  Bb3
31. Qd2  Re7  32. Rd8
Qa7  33. Qd6  Na6
34. Nxe5  Re6  35. Rd7
Qa8  36. Qd4  Kg8
37. Rd8+  1-0

[Event "tht Extraliga 16/17,Novy Bor-Labortech Ostrava"]
[Site "Praha"]
[Date "2017.02.25"]
[Round "7.6"]
[White "Velicka, Petr"]
[Black "Babula, Vlastimil"]
[WhiteElo "2424"]
[BlackElo "2552"]
[Result "1-0"]

1. e4  c5  2. Nf3  e6
3. b3  b6  4. d4
cxd4  5. Nxd4  Bb7
6. Nb5  Nf6  7. e5
Ne4  8. Bd3  Nc5
9. Be2  Nc6  10. Bf4
a6  11. Nd6+  Bxd6
12. Qxd6  Ne4  13. Qd1
d6  14. Be3  Nxe5
15. Qd4  Nf6  16. O-O
Nd5  17. c4  Nxe3
18. Qxe3  O-O  19. Nc3
Qc7  20. Rfd1  Rfd8
21. Rd2  Rac8  22. Ne4
d5  23. cxd5  exd5
24. Ng3  Re8  25. Qd4
Rcd8  26. Rad1  Nc6
27. Qh4  d4  28. Bd3
h6  29. Nf5  Bc8
30. Qg4  Bxf5  31. Qxf5
g6  32. Qh3  Nb4
33. Qxh6  Re5  34. Bc4
Rd6  35. Rxd4  Rh5
36. Qxh5  gxh5  37. Rxd6
b5  38. Bxf7+  1-0

[Event "tht Extraliga 16/17,Novy Bor-Labortech Ostrava"]
[Site "Praha"]
[Date "2017.02.25"]
[Round "7.7"]
[White "Zilka, Stepan"]
[Black "Biolek, Richard"]
[WhiteElo "2531"]
[BlackElo "2458"]
[Result "1/2-1/2"]

1. d4  d5  2. c4  dxc4
3. Nf3  Nf6  4. e3
a6  5. Bxc4  b5
6. Bd3  Bb7  7. a4  b4
8. Qe2  e6  9. e4
c5  10. Bg5  Be7
11. Nbd2  h6  12. Bxf6
Bxf6  13. e5  Be7
14. dxc5  Nd7  15. Be4
Bxe4  16. Nxe4  Nxc5
17. Rd1  Qa5  18. Nxc5
Bxc5  19. b3  O-O
20. O-O  Rfd8  21. g3
Rac8  22. h4  Qb6
23. Rxd8+  Rxd8  24. Rc1
a5  25. Kg2  Bd4
26. Rd1  Bc5  27. Rc1
Bd4  28. Rd1  Bc5
29. Rc1  1/2-1/2

[Event "tht Extraliga 16/17,Novy Bor-Labortech Ostrava"]
[Site "Praha"]
[Date "2017.02.25"]
[Round "7.8"]
[White "Talla, Vladimir"]
[Black "Haba, Petr"]
[WhiteElo "2435"]
[BlackElo "2460"]
[Result "1/2-1/2"]

1. d4  Nf6  2. c4  e6
3. Nf3  Bb4+  4. Bd2
a5  5. g3  d6
6. Bg2  Nbd7  7. O-O  e5
8. Nc3  O-O  9. Nd5
Bxd2  10. Qxd2  c6
11. Nc3  Nb6  12. Qd3
exd4  13. Nxd4  d5
14. cxd5  Nfxd5  15. Nxd5
Nxd5  16. e4  Nc7
17. Qc3  Qe7  18. Rad1
Qb4  19. e5  Bg4
20. f3  Qxc3  21. bxc3
Be6  22. Rf2  Na6
23. Rfd2  Nc5  24. Nxe6
fxe6  25. Rd4  a4
26. f4  Kf7  27. Kf2
Ke7  28. h4  Rfd8
29. Rxd8  Rxd8  30. Rxd8
Kxd8  31. Ke3  Kd7
32. Kd4  Nb3+  33. Ke3
Nc5  34. Kd4  Nb3+
1/2-1/2